000 00897nam a22002891 4500
001 20112
003 BD-RjUL
005 20211209000525.0
008 140226s1964 nju b 000 0beng d
035 _a(OCoLC)ocm00711080
035 _a(BD-RjUL)20174
040 _aDLC
_cDLC
_dm.c.
_dZCU
_dBD-RjUL
_beng
041 _aeng
082 0 0 _a833.912
_bTHO 1964
245 1 0 _aThomas Mann :
_ba collection of critical essays /
_cHenry Hatfield.
260 _aEnglewood Cliffs, N.J. :
_bPrentice-Hall,
_c1964.
300 _a172, p. ;
_c21 cm.
490 1 _aA Spectrum book: Twentieth century views,
_vS-TC-36
504 _aBibliography: p. [177].
600 1 0 _aMann, Thomas,
_d1875-1955.
_953289
830 0 _vS-TC-36.
_961983
700 1 _aHatfield, Henry,
_d1912-1995,
_961949
830 0 _aTwentieth century views ;
_955768
942 _2ddc
_cBK
999 _c20112
_d20112